Principles of management / (Record no. 35)
[ view plain ]
| 000 -LEADER | |
|---|---|
| fixed length control field | 00714nac a22002291u 4500 |
| 008 - FIXED-LENGTH DATA ELEMENTS--GENERAL INFORMATION | |
| fixed length control field | 100824t2004 xxkdk grd 0 1ng eng d |
| 010 ## - LIBRARY OF CONGRESS CONTROL NUMBER | |
| LC control number | 2003063689 |
| 020 ## - INTERNATIONAL STANDARD BOOK NUMBER | |
| International Standard Book Number | 0754619842 |
| 082 04 - DEWEY DECIMAL CLASSIFICATION NUMBER | |
| Classification number | 658 |
| Item number | MOR |
| Edition number | 22 |
| 100 1# - MAIN ENTRY--PERSONAL NAME | |
| Personal name | Morden, Tony, |
| 9 (RLIN) | 17663 |
| Dates associated with a name | 1946- |
| 245 10 - TITLE STATEMENT | |
| Title | Principles of management / |
| Statement of responsibility, etc | Tony Morden. |
| 250 ## - EDITION STATEMENT | |
| Edition statement | 2nd ed. |
| 260 ## - PUBLICATION, DISTRIBUTION, ETC. (IMPRINT) | |
| Place of publication, distribution, etc | Aldershot, United Kingdom ; |
| -- | Burlington, United States : |
| Name of publisher, distributor, etc | Ashgate, |
| Date of publication, distribution, etc | c.2004. |
| 300 ## - PHYSICAL DESCRIPTION | |
| Extent | 576 p. : |
| Other physical details | chart, forms ; |
| Dimensions | 24 cm. |
| 490 0# - Series Statement | |
| Series statement | Innovative business textbooks |
| 500 ## - GENERAL NOTE | |
| General note | Index : p. 572-576. |
| 500 ## - GENERAL NOTE | |
| General note | Glossary : p. 548-571. |
| 650 #0 - SUBJECT ADDED ENTRY--TOPICAL TERM | |
| Topical term or geographic name as entry element | Management. |
| 9 (RLIN) | 17665 |
| Source of heading or term | BUEsh |
| 651 ## - SUBJECT ADDED ENTRY--GEOGRAPHIC NAME | |
| Source of heading or term | BUEsh |
| 653 ## - INDEX TERM--UNCONTROLLED | |
| Arrived date list | December2013 |
| 942 ## - ADDED ENTRY ELEMENTS (KOHA) | |
| Item type | Book - Borrowing |
| Call number prefix | 658 MOR |
| Source of classification or shelving scheme | Dewey Decimal Classification |
| Withdrawn status | Item status | Source of classification or shelving scheme | Damaged status | Not for loan | Vendor | Home library | Current library | Shelving location | Date acquired | Source of acquisition | Cost, normal purchase price | Total Checkouts | Total Renewals | Full call number | Barcode | Date last seen | Date last borrowed | Cost, replacement price | Koha item type |
|---|---|---|---|---|---|---|---|---|---|---|---|---|---|---|---|---|---|---|---|
| Dewey Decimal Classification | Central Library | Central Library | First floor | 09/11/2005 | 330.00 | 7 | 5 | 658 MOR | 000004874 | 15/07/2025 | 29/05/2021 | 412.50 | Book - Borrowing | ||||||
| Dewey Decimal Classification | Central Library | Central Library | First floor | 09/11/2005 | 330.00 | 1 | 2 | 658 MOR | 000004873 | 15/07/2025 | 26/04/2018 | 412.50 | Book - Borrowing | ||||||
| Dewey Decimal Classification | Central Library | Central Library | First floor | 09/11/2005 | 330.00 | 4 | 14 | 658 MOR | 000004872 | 15/07/2025 | 26/11/2017 | 412.50 | Book - Borrowing | ||||||
| Dewey Decimal Classification | Central Library | Central Library | First floor | 09/11/2005 | 330.00 | 1 | 658 MOR | 000004871 | 15/07/2025 | 12/04/2014 | 412.50 | Book - Borrowing | |||||||
| Dewey Decimal Classification | Central Library | Central Library | First floor | 09/11/2005 | 330.00 | 3 | 658 MOR | 000004869 | 15/07/2025 | 17/04/2019 | 412.50 | Book - Borrowing | |||||||
| Dewey Decimal Classification | Central Library | Central Library | First floor | 09/11/2005 | 330.00 | 2 | 658 MOR | 000004868 | 15/07/2025 | 05/03/2016 | 412.50 | Book - Borrowing | |||||||
| Dewey Decimal Classification | Central Library | Central Library | First floor | 09/11/2005 | 330.00 | 2 | 658 MOR | 000004956 | 15/07/2025 | 07/03/2016 | 412.50 | Book - Borrowing | |||||||
| Dewey Decimal Classification | Central Library | Central Library | First floor | 24/08/2010 | 330.00 | 3 | 13 | 658 MOR | 000004870 | 15/07/2025 | 17/07/2018 | 412.50 | Book - Borrowing | ||||||
| Dewey Decimal Classification | Central Library | Central Library | First floor | 24/08/2010 | 330.00 | 10 | 7 | 658 MOR | 000003411 | 15/07/2025 | 16/04/2019 | 412.50 | Book - Borrowing | ||||||
| Dewey Decimal Classification | Central Library | Central Library | First floor | 14/09/2010 | 330.00 | 1 | 658 MOR | 000004799 | 15/07/2025 | 15/03/2011 | 412.50 | NB - Book (Non borrowing) |